000 00356nam a2200145Ia 4500
008 230917s9999||||xx |||||||||||||| ||und||
040 _e160051
_aMAIN
041 _aEnglish
082 _a642.4 H198O
100 _aHansen, Bill
245 0 _aOff-premises catering management
260 _aNew Jersey
_bJohn Wiley
_c2005
300 _a433 p.
942 _cBK
999 _c146248
_d146248